000 01318nam a2200301Ia 4500
001 ebr10347285
003 CaPaEBR
006 m u
007 cr cn|||||||||
008 090911s2009 dcua sb 001 0 eng|d
020 _z9780821378809 (pbk.)
020 _z0821378805 (pbk.)
040 _aCaPaEBR
_cCaPaEBR
035 _a(OCoLC)649901434
050 1 4 _aHD9736.M32
_bY87 2009eb
100 1 _aYusuf, Shahid,
_d1949-
245 1 0 _aTiger economies under threat
_h[electronic resource] :
_ba comparative analysis of Malaysia's industrial prospects and policy options /
_cShahid Yusuf, Kaoru Nabeshima.
260 _aWashington, D.C. :
_bWorld Bank ;
_aLondon :
_bEurospan [distributor],
_c2009.
300 _axxi, 281 p. :
_bill.
504 _aIncludes bibliographical references and index.
533 _aElectronic reproduction.
_bPalo Alto, Calif. :
_cebrary,
_d2010.
_nAvailable via World Wide Web.
_nAccess may be limited to ebrary affiliated libraries.
650 0 _aIndustrial policy
_zMalaysia.
650 0 _aTechnological innovations
_xEconomic aspects
_zMalaysia.
655 7 _aElectronic books.
_2local
700 1 _aNabeshima, Kaoru.
710 2 _aebrary, Inc.
856 4 0 _uhttp://site.ebrary.com/lib/rucke/Doc?id=10347285
_zAn electronic book accessible through the World Wide Web; click to view
999 _c33779
_d33779